00293nam a2200121Ia 45000030006000000080041000060400015000471000022000622450049000842600009001335460012001420050017001540STCL150530s9999 xx 000 0 und d aSTCLcSTCL aHampton, H.V.; Ed aSelections from Newmans idea of a university c1944 aEnglish20220125171141.0